Halkın savcısı : (Record no. 12882)

MARC details
000 -BAŞLIK
Sabit Uzunlukta Kontrol Alanı 00921nam a22002417a 4500
999 ## - SİSTEM KONTROL NUMARALARI (KOHA)
Koha Biblionumber 12882
Koha Biblioitemnumber 12882
003 - KONTROL NUMARASI IDENTIFIER
Denetim Alanı MIRAKIL
005 - SON İŞLEM TARİHİ VE ZAMANI
Denetim Alanı 20190308154352.0
008 - SABİT-BOY VERİ ELEMANLARI - GENEL BİLGİLER
Sabit Uzunlukta Kontrol Alanı 190308b tu ||||| |||| 00| 0 tur d
020 ## - ULUSLARARASI STANDART KİTAP NUMARASI
Uluslararası Standart Kitap Numarası 9786054650026
040 ## - KATALOGLAMA KAYNAK
Orijinal Kataloglama Ajansı TR-AnCHP
Metne Dönüştürmek Ajansı TR-AnCHP
041 ## - DİL KODU
Metin / Ses Parça Veya Ayrı Başlığın Dil Kodu tur
082 ## - DEWEY ONLU SINIFLANDIRMA NUMARASI
Sınıflandırma Numarası 345.01092
Ürün Numarası F39h 2012
100 ## - ANA GİRİŞ - KİŞİSEL İSİM
Kişisel Ad Feyyat, Mehmet
245 10 - BAŞLIK TABLOSU
Başlık Halkın savcısı :
Başlığın Kalan savları, gözlemleri ve mücadeleleriyle 88 yılın öyküsü /
Sorumluluk Tablosu, Vb Mehmet Feyyat ; yayına hazırlayan: Vecdi Çıracıoğlu.
246 ## - UNVAN FORM VARYING
Başlık Doğru / Kısa Başlığı savları, gözlemleri ve mücadeleleriyle 88 yılın öyküsü
260 ## - YAYIN, DAĞITIM, VB
Yayın, Dağıtım, Vb Yeri İstanbul :
Yayıncı, Dağıtıcı, Vs Adı Scala Yayıncılık,
Yayın, Dağıtım, Vb Tarihi 2012.
300 ## - FİZİKSEL TANIM
Kapsam 393 s. :
Diğer Fiziksel Ayrıntıları fotğ.;
Boyutlar 21 sm.
650 #0 - KONU KATMA GİRİŞ - TOPİKAL DÖNEM
9 (RLIN) 5378
Topikal Süreli Veya Coğrafi Ad Giriş Elemanı Savcılar, Türk
Genel Alt Bölümü anılar
650 #0 - KONU KATMA GİRİŞ - TOPİKAL DÖNEM
9 (RLIN) 5379
Topikal Süreli Veya Coğrafi Ad Giriş Elemanı Hukukçular
Genel Alt Bölümü Türkiye
-- yaşamöyküsü
700 ## - KATMA GİRİŞ - KİŞİSEL İSİM
9 (RLIN) 5380
Kişisel Ad Çıracıoğlu, Vecdi,
Relator Terim yay. haz.
740 ## - KATMA GİRİŞ - KONTROLSUZ İLGİLİ / ANALİTİK BAŞLIK
Kontrol Edilmeyen / İlgili Analitik Başlıktaki savları, gözlemleri ve mücadeleleriyle 88 yılın öyküsü
942 ## - EKLENDİ GİRİŞ ELEMANLARI (KOHA)
Sınıflandırma Veya Raf Düzeni Kaynak Dewey Decimal Classification
Koha Öğesi Türü Books
Holdings
Kalıcı Konum Mevcut Konum Edinme Tarihi Edinim Kaynak Toplam Check-Out'Lar Tam Çağrı Numarası Barkod Tarih Son Görülme İtibaren Geçerli Fiyatlar Sigara Kamu Notu Koha Öğesi Türü
CHP Kütüphanesi CHP Kütüphanesi 03/08/2019 Bağış   345.01092 F39h 2012 018970 03/08/2019 03/08/2019 Ertuğrul Çepni bağışıdır. Books